| 000 | 01016nam a2200301 i 4500 | ||
|---|---|---|---|
| 001 | 93329 | ||
| 003 | ES-MaACL | ||
| 005 | 20230906181154.0 | ||
| 007 | t| | ||
| 008 | 050517s2003 sp |||| | spa d | ||
| 020 | _a84-9704-097-X | ||
| 080 | _a821.134.2.09"18/19" | ||
| 080 | _a622-051(0:82) | ||
| 100 | 1 |
_aDelmiro Coto, Benigno. _943553 |
|
| 245 | 1 | 0 |
_aLiteratura y minas en la España de los siglos XIX y XX / _cBenigno Delmiro Coto. |
| 250 | _a1ª ed. | ||
| 260 |
_aOviedo : _bFundación Juan Muñiz Picazo ; _aSomonte-Cenero (Gijón) : _bTrea, _c2003. |
||
| 300 |
_a501 p. : _bil. ; _c22 cm. |
||
| 490 | 1 | _aVaria | |
| 504 | _aBibliografía: p. [489]-498. | ||
| 650 | 1 | 4 |
_aLiteratura española- _yS.XIX- _xHistoria y crítica. _914568 |
| 650 | 1 | 4 |
_aLiteratura española- _yS.XX- _xHistoria y crítica. _9141686 |
| 650 | 0 | 4 |
_aMineros- _xEn la literatura. _915060 |
| 710 | 2 |
_aFundación Juan Muñiz Zapico. _94350 |
|
| 830 | 0 |
_aVaria _9180562 |
|
| 852 |
_aES-MaACL _jL-29093 |
||
| 999 |
_c93329 _d93329 |
||